000 00909nam a2200253Ia 4500
003 OSt
005 20220923222403.0
006 a|||||r|||| 00| 0
007 ta
008 220922b |||||||| |||| 00| 0 hin d
024 _a204,739
037 _cTextual
040 _aARTS
_cARTS
_bhin
041 _2hin
_ahin
082 _aO42,3M72,AV, 152N3
100 _aतोसोन, शिमाजाकि; रामनाथन, आन्नदी, अनु.
_9166884
245 0 _aअवज्ञा
246 _aAvajnyā
260 _aनई दिल्ली
_b भारतीय ज्ञानपीठ
_c1993
300 _a300पृ.
_ccm.
650 _aहिन्दी साहित्य
_9156264
942 _hO42,3M72,AV, 152N3
_cTEXL
_2CC
999 _c355487
_d355487